000 00602nam a2200217Ii 4500
001 19886
003 CO-ViMGA
008 241108s9999||||xx |||||||||||||| ||und||
020 _a9789706435576
040 _aCO-ViMGA
_bspa
_erda
_cCO-ViMGA
041 0 _aspa
082 0 4 _a793.7 F46a
100 1 _aGabriel Flores Arredondo
_947115
245 1 0 _aAcertijos maravillosos
264 1 _aMéxico : Selector, 2003
300 _avolumen
336 _atext
_btxt
_2rdacontent
337 _aunmediated
_bn
_2rdamedia
338 _avolume
_bnc
_2rdacarrier
940 _aidficha_siabuc: 19542. -- ficha_no_siabuc:19886
999 _c41695
_d41695